00642nam a2200217Ia 4500003000400000005001700004008004100021020001800062040001800080041000800098082002700106100002000133245008200153250001200235260004600247300002500293650003600318650002600354650002100380700002300401OSt20220713144320.0210716s2016 xx 000 0 und d a9788126558223 cAIMIT LIBRARY aeng a005.768 ANDA21bANDA aAnderson, Alan. aStatistics for big data for dummies /cBy Alan Anderson and David Semmelroth. a1st ed. aNew Delhi :bWiley India Pvt Ltd ,c2016. axii, 366p. ;c23 cm. aIntroducing big data statistics aBig data applications aThe part of tens aSemmelroth, David.